000 00804cam a2200253 4500
008 090401t1995 xxu||||| |||| 00| 0 eng d
020 _a0904761517
035 _a(Sirsi) u54477
041 _aeng
050 _a690.241
110 _aUniversity of York
_9539
245 4 _aThe economics of architectural conservation : based on proceddings of a consultation at the King`s Manor 13-14 February 1995.
260 _aYork
_bInstitute of Advanced Architectural Stud
_c1995
300 _a118p. : ill. ; 30cm.
350 _a20
650 _aARCHITECTURE
650 _aARCHITECTURAL CONSERVATION
650 _aBUILDING CONSERVATION
650 _aHISTORIC BUILDINGS
690 _aCONSERVATION
700 _aBurman, Peter, Pickard, Rob & Taylor, Sue,
_xEditor
942 _n0
948 _c04/03/1997
999 _c93477
_d93477